000 02107nam a22002537a 4500
001 9565
003 FISKH
005 20260123142313.0
008 260123b cb ||||| |||| 00| 0 eng d
020 _a9780349433103
040 _aFISKH
_beng
_cFISKH
_dFISKH
050 _aPR9199.4 .F678 .E94
082 _a813.6
100 _aFortune, Carley
245 _aEvery summer after :
_b'A radiant debut ' Emily Henry /
_cBy Carley Fortune
250 _aFirst published in the United States in 2002
260 _aLondon :
_bPiatkus ,
_c2002 .
300 _a307 pages :
_billustrator ;
_c20 cm .
520 _aThey say you can never go home again, and for Persephone Fraser, ever since she made the biggest mistake of her life a decade ago, that has felt too true. Instead of glittering summers on the lakeshore of her childhood, she spends them in a stylish apartment in the city, going out with friends, and keeping everyone a safe distance from her heart. Until she receives the call that sends her racing back to Barry’s Bay and into the orbit of Sam Florek—the man she never thought she’d have to live without. For six summers, through hazy afternoons on the water and warm summer nights working in his family’s restaurant and curling up together with books—medical textbooks for him and work-in-progress horror short stories for her—Percy and Sam had been inseparable. Eventually that friendship turned into something breathtakingly more, before it fell spectacularly apart. When Percy returns to the lake for Sam’s mother’s funeral, their connection is as undeniable as it had always been. But until Percy can confront the decisions she made and the years she’s spent punishing herself for them, they’ll never know whether their love might be bigger than the biggest mistakes of their past. Told over the course of six years and one weekend, Every Summer After is a big, sweeping nostalgic story of love and the people and choices that mark us forever.
650 _aFriends-to-lovers
_vFiction
700 _aTucker , Ashley
_eBook Designer
942 _2ddc
_cBK
_n0
999 _c9565
_d9565